000 00249nam a2200109Ia 4500
008 231212s1994 xx 000 0 und d
041 _aeng
082 _a604.2
100 _aPowell P.
245 _aPrincipales Of
260 _aNew York
_bMc Graw
_c1994
999 _c964640
_d964640